|
|
|
|
| LEADER |
00000ckm a2200000 a 4500 |
| 001 |
vtls010273342 |
| 003 |
SK-MaSNL |
| 005 |
20260302011728.0 |
| 007 |
kf ao |
| 008 |
240703q1924 xo g kuslo |
| 015 |
|
|
|a SNBG1924
|
| 035 |
|
|
|a 69324A27-C5DC-45E6-A883-96563C492EE1
|
| 035 |
|
|
|a urn:nbn:sk:snk-kmxvrv
|
| 035 |
|
|
|a urn:nbn:sk:snk-km004xei
|
| 040 |
|
|
|a SNK
|b slo
|c SNK
|e AACR2
|
| 041 |
0 |
|
|a slo
|
| 043 |
|
|
|a e-xo---
|
| 044 |
|
|
|a xo
|c SK
|
| 072 |
|
7 |
|a 913
|x Regionálna geografia
|2 konspekt
|
| 080 |
|
|
|a 913(437.6)
|2 2001
|
| 080 |
|
|
|a (084.121)
|2 2001
|
| 080 |
|
|
|a 725.31
|2 2001
|
| 080 |
|
|
|a 913(437.6)
|2 2011
|
| 080 |
|
|
|a 725.31
|2 2011
|
| 080 |
|
|
|a 721
|2 2011
|
| 080 |
|
|
|a (084.121)
|2 2011
|
| 245 |
0 |
0 |
|a Pozdrav z Hnúšti
|h grafika
|b stanica
|
| 260 |
|
|
|a [Hnúšťa]
|b Juraj Takáč
|c [1924?]
|
| 300 |
|
|
|a 1 pohľadnica
|b tónovaná do hneda
|c 9 x 14 cm
|
| 500 |
|
|
|a Názvové údaje prevzaté z obrazovej časti dokumentu
|
| 520 |
8 |
|
|a Zobrazenie: Pohľad z koľajiska, zo strany na dve budovy stanice, pred ktorými je rad stromov a dvaja muži. Vpravo pri budove stanice je drevený, latkový plot. V popredí sú koľaje
|
| 650 |
0 |
7 |
|a železničné stanice
|2 SNKPH
|9 30261
|
| 650 |
0 |
7 |
|a budovy
|2 SNKPH
|9 1283
|
| 651 |
|
7 |
|a Hnúšťa (Slovensko)
|2 SNKPHgeo
|9 31454
|
| 655 |
|
7 |
|a miestne pohľadnice
|2 SNKPH
|9 70510
|
| 852 |
|
|
|a Slovenská národná knižnica
|
| 958 |
|
|
|a EUIPO
|
| 958 |
|
|
|a GC
|
| 958 |
|
|
|a OND
|
| 958 |
|
|
|a GBN
|
| 999 |
|
|
|c 1007183
|d 1009113
|
| 952 |
|
|
|a SNK
|b SNK
|y PREZ
|7 0
|p 17A0692687
|o snkSP 1684
|i snk407/86
|z Pohľadnica prešla poštou.
|0 0
|1 0
|4 0
|d 2011-04-21
|f 1
|l 0
|r 2026-02-24 12:40:02
|w 2026-02-24
|